| 000 | 00729nam a2200217Ia 4500 | ||
|---|---|---|---|
| 020 | _a0439446155 | ||
| 020 | _a9780439446150 | ||
| 040 | _cBDX | ||
| 082 | _a813 SCH 2001 A097 Or. | ||
| 100 | 1 | _aBaglio, Ben M. | |
| 245 | 1 | 0 | _aDancing the seas / |
| 260 |
_aNew York : _bScholastic Inc., _c2002, c2001. |
||
| 300 |
_a158 p. : _bill. ; _c20 cm. |
||
| 490 | 1 | _aDolphin diaries ; | |
| 500 | _a"An Apple paperback." | ||
| 500 | _a"A Working Partners book--P.[4] of cover." | ||
| 520 | _aIn the Marquesas Islands, Jody sees a large group of spotted and spinner dolphins. She meets Lew and Monique and sees the operation of a dolphin friendly tuna boat. | ||
| 650 | 0 | _aDolphins | |
| 700 | 1 | _aLawton, Judith, | |
| 942 | _cAEDBB | ||
| 999 |
_c19717 _d19717 |
||